|
|
|
|
| LEADER |
00000cam a2200000 7i4500 |
| 001 |
0000002231 |
| 005 |
20030331.0 |
| 020 |
0 |
0 |
|a 974906660X
|
| 090 |
0 |
0 |
|a FAO634.987095
|b NON 2002
|
| 245 |
0 |
0 |
|a NON-wood forest products in 15 countries of tropical Asia : a regional and national overview :
|b information and analysis for sustainable forest management : linking national and international efforts in South and Southeast Asia
|c edited by Paul Vantomme, Annu Markkula and Robin N. Leslie
|
| 260 |
0 |
0 |
|a Bangkok :
|b FAO Regional Office for Asia and the Pacific ,
|c 2002
|
| 300 |
|
|
|a 188 p. ;
|c 30 cm.
|
| 500 |
0 |
0 |
|a Includes bibliographies
|
| 650 |
0 |
0 |
|a Non-timber forest products
|z Asia
|
| 700 |
0 |
1 |
|a Leslie
|h Robin N.
|
| 700 |
0 |
1 |
|a Markkula
|h Annu
|
| 700 |
0 |
1 |
|a Vantomme
|h Paul
|
| 998 |
|
|
|a JPSM
|
| 999 |
|
|
|a 0000003567
|b Monograph
|c Open Shelf
|e Default branch
|
| 999 |
|
|
|a 0000003568
|b Monograph
|c Open Shelf
|e Default branch
|